An outline history of english literature / (Record no. 145886)

MARC details
000 -LEADER
fixed length control field 00566nam a22001817a 4500
005 - DATE AND TIME OF LATEST TRANSACTION
control field 20171003110545.0
010 ## - LCCN (DPL NO)
LC control number 1718EN-30
020 ## - INTERNATIONAL STANDARD BOOK NUMBER
International Standard Book Number 9788179981542
Terms of availability 125.00
037 ## - SOURCE OF ACQUISITION
Source of stock number/acquisition Malik & Com.
Stock number dpl
100 ## - MAIN ENTRY--PERSONAL NAME
Personal name Hudson, William Henry
245 ## - TITLE STATEMENT
Title An outline history of english literature /
Statement of responsibility, etc by William Henry Hudson
260 ## - PUBLICATION, DISTRIBUTION, ETC. (IMPRINT)
Place of publication, distribution, etc New Delhi
Name of publisher, distributor, etc Malik & Company
Date of publication, distribution, etc 2015
270 ## - ADDRESS
Address 23 Daryaganj,
City New Delhi
Postal code 110002
300 v# - PHYSICAL DESCRIPTION
Extent viii,279p.
Dimensions 21cm(pbk)
500 ## - GENERAL NOTE
General note Includes index
942 ## - ADDED ENTRY ELEMENTS (KOHA)
Source of classification or shelving scheme Dewey Decimal Classification
Item type English Books
Call number suffix HUD

No items available.


© Delhi Public Library
Hit Counter
free hit counter